000 01879nam a2200433 c 4500
001 24362
003 ES-MaCES
005 20150929135514.0
008 120328s2011 sp o t 000 | spa d
017 _aVG 1009-2011
_bDL
035 _aCES20120002316m
040 _aES-MaCES
_bspa
_cES-MaCES
041 0 _aspa
_aeng
245 0 0 _aPlanteamientos del sector pesquero español a las propuestas para la reforma de la política pesquera común
_cpropuestas desde el sector pesquero representado por el Clúster Pesquero (Clupesca) reunido en torno a la Cooperativa de Armadores del Puerto de Vigo (Arvi) = Approach of the Spanish fishing sector to the proposals for the Common Fisheries Policy / proposals of the Spanish Fishing Cluster (Clupesca) in the Cooperative of Shipowners of Vigo Port (Arvi)
260 _a[Vigo
_bCLUPESCA-ARVI
_c2011]
300 _a123 p.
_bfot. bl. y n.
_c24 cm
500 _aTít. tomado de la cub
500 _aTexto en español e inglés
541 _cGratuito
650 4 _aindustria pesquera
_927608
650 4 _apolítica pesquera
_927610
650 4 _areforma legislativa
_929892
650 4 _arecursos marinos
_928716
650 4 _aconservación de los recursos
_928755
650 4 _apolítica comunitaria
_930776
650 4 _aderecho comunitario
_929866
650 4 _aEspaña
_926964
650 4 _acampo de aplicación
_930263
650 4 _aevaluación del impacto
_930732
650 4 _aplan de acción
_930406
653 1 0 _aPesca
650 4 _926752
_aUE
710 2 _aCooperativa de Armadores de Pesca del Puerto de Vigo
_92561
710 2 _aClúster del Sector Pesquero, Extractivo y Productor (España)
_91978
740 0 2 _aApproach of the Spanish fishing sector to the proposals for the Common Fisheries Policy
902 _aLIB Libro
942 _2CES
_cBK
_h5.1.
999 _c24362
_d24362